000 00535nam a22002057a 4500
003 OSt
005 20160803181352.0
008 160803b xxu||||| |||| 00| 0 eng d
020 _a0919115772
040 _c040a
082 _aWB 300
_bT34 1998
245 _aTherapeutic choices /
_cJean Gray
250 _a2nd.ed
260 _aCanada
_bCanadian pharmacists association
_c1998
300 _axv, 886p;
_bill :
_c15 cm.
504 _aIncludes index
650 _aTherapeutic
_910561
700 _aGary, Jean
_910562
942 _2z
_cO_SHELF
999 _c4917
_d4917